000
00452nam a2200145Ia 4500
008
100122s9999 xx 000 0 und d
082
_b
19504
_a
823.08
100
_a
हसमनीस द का
245
_a
पालखीचा गोंडा
260
_b
युवराज प्रकाशन
_c
1973
300
_a
135
630
_a
पालखीचा गोंडा
730
_a
पालखीचा गोंडा
942
_c
BOOK
999
_c
408516
_d
408513